Guess the Billie Eilish Song - 1 - Statistics

General Stats
  • This quiz has been taken 457 times
  • The average score is 127 of 227
Answer Stats
Answer % Correct
I
100%
you
97%
a
95%
do
85%
when
85%
the
84%
The
84%
love
82%
to
80%
me
79%
my
75%
your
75%
And
74%
and
74%
don't
72%
I'm
71%
i'm
71%
what
68%
it
65%
am
63%
want
63%
in
62%
know
61%
(know)
61%
for
60%
for)
60%
we
60%
go
59%
all
58%
wanna
57%
greatest
54%
(greatest)
54%
been
53%
I've
51%
i've
51%
Man
51%
man
51%
not
51%
how
50%
have
45%
get
44%
waited
44%
(waited)
44%
best
43%
made
43%
up
43%
keep
42%
trying
42%
it's
41%
let
41%
naked
41%
(naked)
41%
patience
41%
times
40%
alone
39%
come
39%
satisfied
39%
was
39%
night
38%
admiration
37%
(admiration)
37%
just
37%
look
37%
rest
37%
while
37%
congratulations
34%
(congratulations)
34%
painless
34%
stayed
34%
state
33%
oh
32%
at
31%
from
31%
say
31%
whatever
31%
than
25%
fight
24%
loved
24%
said
24%
Doing
23%
gave
23%
hate
23%
right
23%
still
23%
wanted
23%
what's
23%
without
23%
fighting
22%
(fighting
22%
ooh
22%
worth
22%
ah
21%
done
21%
(done)
21%
reward
21%
anything
20%
passion
20%
couldn't
19%
mm
19%
Mm
19%
would've
19%
even
18%
could've
17%
shouldn't
17%
worse
17%
anyone
15%
God
14%
heart
14%
Hm
14%
hm
14%
unappreciated
13%
break
12%
jaded
10%
No matching quizzes found
Score Distribution
Percent of People with Each Score
Percentile by Number Answered
Your Score History
You have not taken this quiz